Name The Culinary Item - Statistics

General Stats
  • This quiz has been taken 62 times
  • The average score is 10 of 15
Answer Stats
Picture Answer % Correct
Spatula
96%
Pan
91%
Pot
89%
Ladle
86%
Tongs
86%
Chopsticks
79%
Pressure Cooker
70%
Whisk
64%
Mortar & Pestle
63%
Nutcracker
61%
Orange Peeler
57%
Skillet
54%
Griddle
50%
Dutch Oven
41%
Pepper Grinder
39%
No matching quizzes found
Score Distribution
Percent of People with Each Score
Percentile by Number Answered
Your Score History
You have not taken this quiz